Catálogo
 En Linea

Héroes y próceres dominicanos / (Registro nro. 60546)

Detalles MARC
000 -CABECERA
campo de control de longitud fija 01721nam a2200349 i 4500
003 - IDENTIFICADOR DEL NÚMERO DE CONTROL
campo de control DO-SdBNP
005 - FECHA Y HORA DE LA ÚLTIMA TRANSACCIÓN
campo de control 20260414143449.0
007 - CAMPO FIJO DE DESCRIPCIÓN FÍSICA--INFORMACIÓN GENERAL
campo de control de longitud fija ta
008 - DATOS DE LONGITUD FIJA--INFORMACIÓN GENERAL
campo de control de longitud fija 260414b1995 dr ||||| |||| 00| 0 spa d
040 ## - FUENTE DE LA CATALOGACIÓN
Centro catalogador/agencia de origen DO-SdBNP
Lengua de catalogación spa
Centro/agencia transcriptor BNPHU
Normas de descripción rda
041 ## - CÓDIGO DE LENGUA
Código de lengua del texto/banda sonora o título independiente spa
082 #4 - NÚMERO DE LA CLASIFICACIÓN DECIMAL DEWEY
Número de clasificación 923.2
Número de documento/Ítem G984he
Número de edición 22
100 1# - ENTRADA PRINCIPAL--NOMBRE DE PERSONA
Nombre de persona Gutiérrez Félix, Euclides,
Fechas asociadas al nombre 1936-
Término indicativo de función/relación autor
Código de función/relación aut.
9 (RLIN) 5673
245 10 - MENCIÓN DE TÍTULO
Título Héroes y próceres dominicanos /
Mención de responsabilidad, etc. Euclides Gutiérrez Félix ; composición y diagramación, Socorro Espinal
250 ## - MENCIÓN DE EDICIÓN
Mención de edición primera edición
264 #4 - PRODUCCIÓN, PUBLICACIÓN, DISTRIBUCIÓN, FABRICACIÓN Y COPYRIGHT
Producción, publicación, distribución, fabricación y copyright Santo Domingo, República Dominicana :
Nombre del de productor, editor, distribuidor, fabricante Secretaría de Estado de Educación, Bellas Artes y Cultos,
Fecha de producción, publicación, distribución, fabricación o copyright ©1995.
300 ## - DESCRIPCIÓN FÍSICA
Extensión 104 páginas ;
Dimensiones 23 cm.
336 ## - TIPO DE CONTENIDO
Término de tipo de contenido texto
Código de tipo de contenido txt
Fuente rdacontent
337 ## - TIPO DE MEDIO
Nombre/término del tipo de medio sin mediación
Código del tipo de medio n
Fuente rdamedia
338 ## - TIPO DE SOPORTE
Nombre/término del tipo de soporte volumen
Código del tipo de soporte nc
Fuente rdacarrier
500 ## - NOTA GENERAL
Nota general Incluye referencias bibliográficas y notas al pie de las páginas.
504 ## - NOTA DE BIBLIOGRAFÍA, ETC.
Nota de bibliografía, etc. Bibliografía: páginas 99-104
505 ## - NOTA DE CONTENIDO CON FORMATO
Nota de contenido con formato Introducción /
Título Enriquillo /
Mención de responsabilidad Juan Pablo Duarte /
-- Francisco del Rosario Sánchez /
-- Matías Ramón Mella /
-- Antonio Duverge /
-- José María Cabral /
-- Pedro Pimentel /
-- Gaspar Polanco /
-- Gregprio Luperón /
-- Marcos Adon /
-- Eusebio Manzueta /
-- Fernando Arturo de Meriño /
-- Rafael Tomas Fernández Dominguez /
-- Francisco Caamaño Deño /
Título Bibliografía.
590 ## - NOTA LOCAL (RLIN)
Nota local Inventariado, 2026/BT
650 #7 - PUNTO DE ACCESO ADICIONAL DE MATERIA--TÉRMINO DE MATERIA
Término de materia o nombre geográfico como elemento de entrada Revolucionarios
Subdivisión geográfica República Dominicana
Subdivisión general Biografía
Fuente del encabezamiento o término LIBRUNAM
9 (RLIN) 12091
650 #4 - PUNTO DE ACCESO ADICIONAL DE MATERIA--TÉRMINO DE MATERIA
Término de materia o nombre geográfico como elemento de entrada Héroes
Subdivisión geográfica República Dominicana
Subdivisión general Biografía
Fuente del encabezamiento o término LIBRUNAM
9 (RLIN) 12092
650 #4 - PUNTO DE ACCESO ADICIONAL DE MATERIA--TÉRMINO DE MATERIA
Término de materia o nombre geográfico como elemento de entrada Jefes de estado
Subdivisión general Biografía
Subdivisión geográfica República Dominicana
9 (RLIN) 12093
650 #4 - PUNTO DE ACCESO ADICIONAL DE MATERIA--TÉRMINO DE MATERIA
Término de materia o nombre geográfico como elemento de entrada Héroes
Subdivisión general Biografía
Subdivisión geográfica América
9 (RLIN) 12094
651 #7 - PUNTO DE ACCESO ADICIONAL DE MATERIA--NOMBRE GEOGRÁFICO
Nombre geográfico República Dominicana
Subdivisión general Biografía
9 (RLIN) 1325
910 ## - DATOS DE OPCIÓN DEL USUARIO (OCLC)
Datos de opción del usuario Btavárez
942 ## - ELEMENTOS DE PUNTO DE ACCESO ADICIONAL (KOHA)
Fuente del sistema de clasificación o colocación Dewey Decimal Classification
Tipo de ítem Koha Libro
Existencias
Estado de retiro Estado de pérdida Fuente del sistema de clasificación o colocación Restricciones de uso No para préstamo Código de colección Localización permanente Ubicación/localización actual Ubicación en estantería Fecha de adquisición Fuente de adquisición Total de préstamos Signatura topográfica completa Código de barras Fecha visto por última vez Precio válido a partir de Tipo de ítem Koha Nota pública
    Dewey Decimal Classification Excluido de préstamo   Patrimonio Dominicano Referencia Biblioteca Nacional Pedro Henríquez Ureña Biblioteca Nacional Pedro Henríquez Ureña Depósito 14.04.2026 Donado por Federico Henríquez Gratereaux   BNPHU R-PD 923.2 G984he 2026-2601 14.04.2026 14.04.2026 Libro Dedicado.

Con tecnología Koha